Catálogo público

Introducción a la fisiología de insectos / (Record no. 200586)

MARC details
000 -CABECERA
campo de control de longitud fija 00722nam a2200253Ia 4500
001 - NÚMERO DE CONTROL
campo de control Para_1991
003 - IDENTIFICADOR DEL NÚMERO DE CONTROL
campo de control CHAP
008 - DATOS DE LONGITUD FIJA--INFORMACIÓN GENERAL
campo de control de longitud fija 220125s1997 xx 000 0 und d
010 ## - NÚMERO DE CONTROL DE LA BIBLIOTECA DEL CONGRESO
Número de control de LC 200586
040 ## - FUENTE DE LA CATALOGACIÓN
Centro/agencia transcriptor CHAP
082 ## - NÚMERO DE LA CLASIFICACIÓN DECIMAL DEWEY
Número de clasificación PA 595.701 L53
100 ## - ENTRADA PRINCIPAL--NOMBRE DE PERSONA
Nombre de persona Llanderal Cázares, Celina
9 (RLIN) 67251
245 ## - MENCIÓN DE TÍTULO
Título Introducción a la fisiología de insectos /
Mención de responsabilidad, etc. por Celina Llanderal Cázares
260 ## - PUBLICACIÓN, DISTRIBUCIÓN, ETC.
Lugar de publicación, distribución, etc. Montecillos, Méx. :
Nombre del editor, distribuidor, etc. Colegio de Postgraduados
300 ## - DESCRIPCIÓN FÍSICA
Extensión 170 p.
650 ## - PUNTO DE ACCESO ADICIONAL DE MATERIA--TÉRMINO DE MATERIA
Término de materia o nombre geográfico como elemento de entrada Insectos
Subdivisión general anatomía y fisiología
9 (RLIN) 58891
901 ## - ELEMENTOS DE DATOS A LOCAL LDA (RLIN)
a PA 595.701 L53
902 ## - ELEMENTOS DE DATOS B LOCAL, LDB (RLIN)
a A
905 ## - ELEMENTOS DE DATOS E LOCAL, LDE (RLIN)
a 0000001997 i 0000000000 00
910 ## - DATOS DE OPCIÓN DEL USUARIO (OCLC)
Datos de opción del usuario 1997
942 ## - ELEMENTOS DE PUNTO DE ACCESO ADICIONAL (KOHA)
Tipo de ítem Koha Parasitologia_
942 ## - ELEMENTOS DE PUNTO DE ACCESO ADICIONAL (KOHA)
Tipo de ítem Koha Parasitologia_
-- 1
Holdings
Estado de retiro Estado de pérdida Fuente del sistema de clasificación o colocación Estado dañado Restricciones de uso No para préstamo Código de colección Localización permanente Ubicación/localización actual Fecha de adquisición Número de inventario Total de préstamos Signatura topográfica completa Código de barras Fecha visto por última vez Número de copia Precio válido a partir de Tipo de ítem Koha Nota pública
    Dewey Decimal Classification   Préstamo 3 días   General Parasitologia Agricola Parasitologia Agricola 27/10/2005 (PA_5463) (No. UACh C/E)   PA 595.701 L53 4102001097 25/01/2022 Ej.2 25/01/2022 Libro 3
    Dewey Decimal Classification   Préstamo interno   General Parasitologia Agricola Parasitologia Agricola 27/10/2005 (PA_7700) (No. UACh C/E)   PA 595.701 L53 4102001096 25/01/2022 Ej.1 25/01/2022 Libro 3